000
00212nam a22000977a 4500
999
_c
15797
_d
15797
003
OSt
008
191021b ||||| |||| 00| 0 eng d
100
_a
Surendran, K.
_9
4311
245
_a
Tolstoy kathakal
942
_c
BK